Регионална библиотека "Любен Каравелов" - Русе

Социална педиатрия (Запис номер 115809)

MARC детайли
000 -Лидер
Контролно поле с фиксирана дължина 01965nam a2200349 a 4500
003 - Код на организацията, давaща контролен номер
Контролно поле BLK
005 - Дата и час на последна редакция
Контролно поле 20250409123537.0
008 - Елементи от данни с фиксирана дължина
fixed length control field 180409b bul|||||r ||||||| ||bul||
010 ## - Наследен системен номер
LC control number KNG00121312000
040 ## - Източник на каталожния запис
Идентификатор на билиотеката - собственик на записа BLK
041 ## - Код за език
Код за езика на текст/звукозапис или на отделно заглавие Български
Код за езика КДБФ Български
080 ## - УДК
Текстов определител УДК Педиатрия. Детски болести. Вж и 613.22 ; 613.95
УДК код - определител по УДК 616-053.2
УДК - код + определител 616-053.2
100 1# - Редна дума - Автор
Автор Гълъбова, Мария
Авторска отговорност първи автор
R(LIN) 376336
139 ## - Редно поле
Редна дума Социална педиатрия
Авторски знак Соц - С 54
245 10 - Сведения за заглавието
Заглавие Социална педиатрия
Подзаглавни данни Моногр.
Редно поле (дума) Мария Гълъбова; под ред. на Митрофан Яковлевич Студеникин; под ред. на Лора Георгиева Бакалова.
257 ## - Страна на издаване
Страна на създаване/издаване България
260 ## - Област на издателските данни
Име на издателя, разпространителя и проч. Медицина и физкултура
Година на издаване 1981
Място на издаване, разпространение и проч. София
300 ## - Физическа характеристика
Страници 315 с.
Илюстрации и др. с табл., диагр.
Размери/Мащаб 25 см
380 ## - Жанр
Жанр Медицина
500 ## - Общи забележки
Забележка Други авт.: А. Ефимова, Б. Захариев, Ив. Керековски, К. Ладодо, Ев. Лепарский, Н. Макелская, Р. Семерджиева-Величкова, М. Я. Студенкин, В. Таточенко, Р. Тонкова-Ямполская, Хр. Христозов, М. Цонев, отбелязани на с. 5. - 1 010 тир. - Библиогр. след отд. гл. - Съвместен труд на бълг. и съв. авт.
650 #4 - Допълнително описание по предмет – тема
Основно описание – тема или топоним Педиатрия
9 (RLIN) 165998
650 #4 - Допълнително описание по предмет – тема
Основно описание – тема или топоним Социална медицина
9 (RLIN) 171468
700 1# - Други автори (авторска отговорност)
Лично име Студеникин, Митрофан Яковлевич
Автороска отговорност (Описва отношението между автора и произведението) под ред. на
9 (RLIN) 126577
700 1# - Други автори (авторска отговорност)
Лично име Бакалова, Лора Георгиева
Автороска отговорност (Описва отношението между автора и произведението) под ред. на
9 (RLIN) 376337
852 ## - Местоположение
Форматна сигнатура Цб 108044
856 4# - Електронен адрес и достъп
Електронен формат pdf - файл
Инструкция (цена за достъп) 0.00
Права за достъп disable
856 4# - Електронен адрес и достъп
Електронен формат pdf - файл
Инструкция (цена за достъп) 0.00
Права за достъп disable
999 ## - СИСТЕМНИ КОНТРОЛНИ НОМЕРА
Koha biblionumber 115809
Koha biblioitemnumber 115809
942 ## - АРТИКУЛИ
Вид на библиотечния материал Книги
Скрит в OPAC Не
Периодичен библиозапис Да
Koha issues (borrowed), all copies 1
944 ## - СЪЗДАВАНЕ И РЕДАКЦИЯ на ЗАПИСА
Създаване/Редакция Създаване
Дата на регистрацията/редакция 02.02.2018
Служител, извършил регистрацията/редакцията 30531
Статус, дата на статуса Цветелина Шанова
944 ## - СЪЗДАВАНЕ И РЕДАКЦИЯ на ЗАПИСА
Създаване/Редакция Редакция
Дата на регистрацията/редакция 02.02.2018
Служител, извършил регистрацията/редакцията Грета_Цуфелде
999 ## - СИСТЕМНИ КОНТРОЛНИ НОМЕРА
Koha biblioitemnumber 115809
Наличности
Код за отписване Код за изгубен артикул Източник на класификационната схема Код за повреда Коз за рестрикции Код за отдаване Артикулен № Име на библиотеката - собственик Име на библиотеката, в която се намира в момента Статус (Текущо местоположение) Дата на вписване в системата Местоположение - отдел Цена в лева Инвентарен номер Систематично азбучна сигнатура Баркод Номер на екземпляра Цена в евро Служебна бележка Служебен тип на артикула
  Не е изгубен Universal Decimal Classification Не е повреден само за читалня ползва се в читалня 186293 Регионална библиотека "Любен Каравелов" Русе Регионална библиотека "Любен Каравелов" Русе Хранилище 1981-01-01 Хранилище 4.23 324760 Цб 108044 120000324760 1 2.16 N: стар фонд Дата: 01.01.1981 Книги
Изтеглен Не е изгубен Universal Decimal Classification Не е повреден без рестрикции заемане за дома 186294 Регионална библиотека "Любен Каравелов" Русе Регионална библиотека "Любен Каравелов" Русе Заемна - подръчен фонд 1981-01-01 Заемна - подръчен фонд 4.23 325009 П 616-053.2/С 54 120000325009 2 2.16 N: стар фонд Дата: 01.01.1981 Дата инв: 03.02.2018 Бележки инв: П2018 Книги
Изтеглен Не е изгубен Universal Decimal Classification Не е повреден без рестрикции заемане за дома 186295 Регионална библиотека "Любен Каравелов" Русе Регионална библиотека "Любен Каравелов" Русе Заемна - подръчен фонд 1981-01-01 Заемна - подръчен фонд 4.23 325010 П 616-053.2/С 54 325010 3 2.16 N: стар фонд Дата: 01.01.1981 Книги
Vip Innovations Ltd, Rousse, Bulgaria 2025